[Event "C.to Provinciale CO"]
[Site "Villa Guardia ITA"]
[Date "2010.01.24"]
[Round "3"]
[White "Liscio, Giovanni"]
[Black "Mason, Giovanni"]
[Result "1-0"]
[WhiteElo "2033"]
[BlackElo "1781"]
[PlyCount "83"]
[EventDate "2010.01.23"]

1. d4 d5 2. c4 e6 3. Nc3 Bb4 4. e3 c6 5. Nf3 Nf6 6. Qb3 Bxc3+ 7. bxc3 O-O 8.
Bd3 dxc4 9. Bxc4 b5 10. Bd3 Nd5 11. O-O f5 12. a4 a6 13. axb5 cxb5 14. Bxb5 Qb6
15. Bd2 Nc7 16. Bc4 Qxb3 17. Bxb3 Bb7 18. Ne5 Nd5 19. c4 Nf6 20. Rfb1 Nc6 21.
c5 Nd8 22. Bxe6+ Nxe6 23. Rxb7 Rab8 24. Rab1 Rxb7 25. Rxb7 Nd5 26. g3 Re8 27.
Nc4 g6 28. Nb6 Nf6 29. Ra7 Rd8 30. Be1 Ne4 31. Rxa6 N6xc5 32. dxc5 Nxc5 33. Ra8
Rxa8 34. Nxa8 Ne6 35. Nb6 Ng5 36. Kg2 h6 37. Nd5 Kf7 38. Bb4 Ne6 39. Nf4 Ng7
40. Bc3 Ne8 41. Be5 Nf6 42. Bxf6 1-0

[Event "C.to Provinciale CO"]
[Site "Villa Guardia ITA"]
[Date "2010.01.24"]
[Round "3"]
[White "Pede, Lucio"]
[Black "Ghelfi, Giancarlo"]
[Result "1/2-1/2"]
[WhiteElo "1904"]
[BlackElo "1690"]
[PlyCount "56"]
[EventDate "2010.01.23"]

1. e4 c5 2. c3 Nc6 3. d4 cxd4 4. cxd4 d6 5. Nf3 Nf6 6. Nc3 a6 7. d5 Nb8 8. Bd2
Nbd7 9. Qa4 Rb8 10. Rc1 b5 11. Qc2 Bb7 12. b4 g6 13. Bd3 Bg7 14. O-O O-O 15.
Ne2 Ng4 16. Nfd4 Nge5 17. f4 Rc8 18. Qb1 Nxd3 19. Qxd3 Nb6 20. f5 Nc4 21. fxg6
hxg6 22. Rf3 Ne5 23. Qa3 Rxc1+ 24. Qxc1 Nxf3+ 25. Nxf3 Qb6+ 26. Kh1 Rc8 27. Qe1
e5 28. h3 Rc2 1/2-1/2

[Event "C.to Provinciale CO"]
[Site "Villa Guardia ITA"]
[Date "2010.01.24"]
[Round "3"]
[White "Primerano, Carlo"]
[Black "Gonella, Daniele"]
[Result "0-1"]
[WhiteElo "1734"]
[BlackElo "1879"]
[PlyCount "60"]
[EventDate "2010.01.23"]

1. d4 d5 2. c4 e6 3. Nc3 c6 4. cxd5 exd5 5. Nf3 Bd6 6. Bg5 f6 7. Bh4 Ne7 8. Bg3
Nf5 9. e3 Qb6 10. Qc2 Na6 11. a3 Nxg3 12. hxg3 Bf5 13. Qxf5 Qxb2 14. Qe6+ Be7
15. Rd1 Qxc3+ 16. Nd2 Nc7 17. Qf5 g6 18. Qb1 Bxa3 19. Rxh7 O-O-O 20. Qxg6 Rxh7
21. Qxh7 Re8 22. Be2 c5 23. Qf5+ Ne6 24. Qxd5 cxd4 25. Bg4 dxe3 26. Bxe6+ Kb8
27. Kf1 exd2 28. Rxd2 Rxe6 29. Qd8+ Qc8 30. Qd5 Rd6 0-1

[Event "C.to Provinciale CO"]
[Site "Villa Guardia ITA"]
[Date "2010.01.24"]
[Round "3"]
[White "Revinelli, Sergio"]
[Black "Petetta, Roberto"]
[Result "1-0"]
[WhiteElo "1850"]
[BlackElo "1649"]
[PlyCount "51"]
[EventDate "2010.01.23"]

1. e4 c5 2. Nf3 d6 3. d4 cxd4 4. Nxd4 Nc6 5. Be2 Nf6 6. Nc3 g6 7. Be3 Bg7 8.
O-O O-O 9. Kh1 Bd7 10. f3 Rc8 11. Qd2 Re8 12. Rfd1 a6 13. a4 Ne5 14. Nb3 Be6
15. a5 Bc4 16. Na4 Bxe2 17. Qxe2 Nc4 18. Bd4 Qc7 19. c3 Nd7 20. Bf2 Nxa5 21.
Nxa5 Qxa5 22. Nb6 Qb5 23. Qxb5 axb5 24. Nxd7 Rc7 25. Nb6 Rd8 26. Nd5 1-0

[Event "C.to Provinciale CO"]
[Site "Villa Guardia ITA"]
[Date "2010.01.24"]
[Round "3"]
[White "Rossini, Fulvio"]
[Black "Guglielmetti, Oscar"]
[Result "0-1"]
[WhiteElo "1455"]
[BlackElo "1788"]
[PlyCount "152"]
[EventDate "2010.01.23"]

1. e4 g6 2. d4 d6 3. Nc3 Bg7 4. Be3 Nf6 5. Bc4 Nc6 6. d5 Ne5 7. Bd3 O-O 8. f3
h6 9. Bf4 Nxd3+ 10. Qxd3 e5 11. Be3 Nh5 12. Qd2 Qh4+ 13. Bf2 Qe7 14. Nge2 Bd7
15. g4 Nf6 16. h4 Kh7 17. Be3 Ng8 18. g5 h5 19. Ng3 b5 20. a3 a5 21. Kf2 f5 22.
Kg2 f4 23. Nge2 fxe3 24. Qxe3 Rf7 25. Raf1 c5 26. Nb1 b4 27. b3 Raf8 28. a4 Qd8
29. Nd2 Ne7 30. Ng3 Nc8 31. c4 bxc3 32. Qxc3 Qb6 33. Nc4 Qb4 34. Qxb4 axb4 35.
Rf2 Re8 36. Kf1 Bf8 37. Ke2 Be7 38. Ke3 Bd8 39. Rg1 Kg7 40. Ra1 Rf4 41. Rh2
Rxh4 42. Rah1 Bxg5+ 43. Ke2 Rxh2+ 44. Rxh2 Bf4 45. Kf2 Rf8 46. Rg2 Bxg3+ 47.
Kxg3 g5 48. Nd2 Kg6 49. Kh2 Rf4 50. Kg1 Bh3 51. Rh2 g4 52. Kf2 Kg5 53. Kg1 Kh4
54. fxg4 Kxg4 55. Re2 Kg5 56. Kh2 Bg4 57. Rg2 Kh6 58. Kg3 Bd1 59. Rg1 Rg4+ 60.
Kf2 Rxg1 61. Kxg1 Kg5 62. Kg2 Kf4 63. Kf2 Bc2 64. a5 Bxe4 65. Nc4 Bxd5 66. Nb6
Nxb6 67. axb6 Bb7 68. Kg1 e4 69. Kf2 e3+ 70. Kg1 Kf3 71. Kh2 Kf2 72. Kh3 e2 73.
Kh4 e1=Q 74. Kg5 Qe5+ 75. Kh4 Bf3 76. b7 Qg3# 0-1

[Event "C.to Provinciale CO"]
[Site "Villa Guardia ITA"]
[Date "2010.01.24"]
[Round "3"]
[White "Zuccoli, Maurizio"]
[Black "Coppola, Guido"]
[Result "0-1"]
[WhiteElo "1842"]
[BlackElo "1981"]
[PlyCount "92"]
[EventDate "2010.01.23"]

1. e4 c5 2. Nf3 d6 3. d4 cxd4 4. Nxd4 Nf6 5. Nc3 a6 6. Be2 e5 7. Nb3 Be6 8. Be3
Be7 9. O-O Nbd7 10. f3 Qc7 11. Qe1 O-O 12. Rd1 b5 13. a3 Nb6 14. Bxb6 Qxb6+ 15.
Kh1 Rac8 16. Nc1 Rfd8 17. Nd3 Qc7 18. Nb4 Qb7 19. Rd2 h6 20. Qd1 Ne8 21. Nbd5
f5 22. Nxe7+ Qxe7 23. Bd3 f4 24. Nd5 Bxd5 25. exd5 Nf6 26. Bf5 Rc7 27. Re1 Nh7
28. Be6+ Kh8 29. Rxe5 dxe5 30. d6 Rxd6 31. Rxd6 Nf8 32. Rd8 g6 33. c3 Kh7 34.
Bb3 Nd7 35. Ra8 Nf6 36. Rxa6 Rd7 37. Qe1 Nd5 38. Qe4 Nf6 39. Qc2 Kg7 40. Re6
Qc5 41. Qe2 e4 42. fxe4 Qe3 43. Qf1 Ng4 44. Bd5 Nf2+ 45. Kg1 Nxe4+ 46. Kh1 Rxd5
0-1

[Event "C.to Provinciale CO"]
[Site "Villa Guardia ITA"]
[Date "2010.01.24"]
[Round "4"]
[White "Buonocore, Elio"]
[Black "Liscio, Giovanni"]
[Result "1/2-1/2"]
[WhiteElo "2187"]
[BlackElo "2033"]
[PlyCount "59"]
[EventDate "2010.01.23"]

1. e4 c6 2. d4 d5 3. Nd2 dxe4 4. Nxe4 Nd7 5. Ng5 Ndf6 6. Bc4 e6 7. Ne2 Bd6 8.
O-O Ne7 9. Ng3 Qc7 10. Re1 O-O 11. Nf3 Ned5 12. Ne4 Nxe4 13. Rxe4 Nf6 14. Rh4
e5 15. Bg5 Bf5 16. Bxf6 gxf6 17. Bd3 Bg6 18. Qd2 Rfe8 19. Re1 Rad8 20. dxe5
Bxe5 21. Nxe5 fxe5 22. Qh6 Qa5 23. b4 Qc7 24. Bxg6 fxg6 25. Rhe4 c5 26. c3 cxb4
27. cxb4 Qc2 28. h4 Qxa2 29. h5 Qd2 30. Qxd2 1/2-1/2

[Event "C.to Provinciale CO"]
[Site "Villa Guardia ITA"]
[Date "2010.01.24"]
[Round "4"]
[White "Coppola, Guido"]
[Black "Gagliardi, Christian"]
[Result "0-1"]
[WhiteElo "1981"]
[BlackElo "2222"]
[PlyCount "82"]
[EventDate "2010.01.23"]

1. e4 g6 2. d4 Bg7 3. Nc3 d6 4. f4 Nf6 5. Nf3 c5 6. dxc5 Qa5 7. Bb5+ Bd7 8. Bd3
Qxc5 9. Qe2 O-O 10. Be3 Qa5 11. Bd2 Nc6 12. Nd5 Qd8 13. Nxf6+ Bxf6 14. c3 Bg7
15. O-O Qc7 16. Rad1 Rac8 17. Be3 a6 18. Qf2 b5 19. Nd4 Qb7 20. Qe2 Na5 21. Bc1
Qc7 22. a4 Rb8 23. axb5 axb5 24. Kh1 b4 25. cxb4 Rxb4 26. Nf3 Nb3 27. e5 Nxc1
28. Rxc1 Qb6 29. exd6 Qxd6 30. Ne5 Ba4 31. Bc4 e6 32. Nd3 Rb6 33. b4 Bc6 34.
Rfd1 Qe7 35. Qe1 Rfb8 36. Ne5 Ba4 37. Rd3 Rxb4 38. Ra3 Rxc4 39. Nxc4 Bc6 40.
Rb1 Rd8 41. Ne5 Bxe5 0-1

[Event "C.to Provinciale CO"]
[Site "Villa Guardia ITA"]
[Date "2010.01.24"]
[Round "4"]
[White "Ghelfi, Giancarlo"]
[Black "Cocconcelli, Lorenzo"]
[Result "1-0"]
[WhiteElo "1690"]
[BlackElo "1449"]
[PlyCount "63"]
[EventDate "2010.01.23"]

1. e4 e6 2. d4 d5 3. Nc3 Bb4 4. e5 c5 5. a3 Ba5 6. b4 cxd4 7. Nb5 Bc7 8. Qxd4
Nc6 9. Nxc7+ Qxc7 10. Bb5 Nge7 11. f4 Bd7 12. Qf2 Kf8 13. Nf3 Nxb4 14. O-O Bxb5
15. axb4 Bxf1 16. Qxf1 Qb6+ 17. Kh1 g6 18. Qe1 Nf5 19. c3 Kg7 20. g4 Nh6 21.
Qh4 Qd8 22. Qh3 Ng8 23. f5 exf5 24. gxf5 h6 25. Be3 Kf8 26. fxg6 fxg6 27. Re1
Kg7 28. Bd4 Qe7 29. Nh4 Kh7 30. Nxg6 Qe8 31. Nxh8 Kxh8 32. e6+ 1-0

[Event "C.to Provinciale CO"]
[Site "Villa Guardia ITA"]
[Date "2010.01.24"]
[Round "4"]
[White "Gonella, Daniele"]
[Black "Corti, Filippo"]
[Result "1-0"]
[WhiteElo "1879"]
[BlackElo "1736"]
[PlyCount "75"]
[EventDate "2010.01.23"]

1. e4 c6 2. d4 d5 3. Nc3 dxe4 4. Nxe4 Bf5 5. Ng3 Bg6 6. Bc4 e6 7. N1e2 Bd6 8.
Nf4 Qc7 9. Ngh5 Bxh5 10. Nxh5 Kf8 11. Qf3 Nd7 12. Bxe6 Ngf6 13. Bc4 Qa5+ 14.
Bd2 Qxh5 15. Qb3 Re8+ 16. Be3 Qa5+ 17. c3 Qc7 18. h3 b5 19. Be2 Nd5 20. O-O-O
Nxe3 21. fxe3 Rxe3 22. Bf3 Bf4 23. Kb1 Nf6 24. Rhf1 Ne4 25. d5 Nc5 26. Qb4 Bd6
27. dxc6 h5 28. Qd4 Rxf3 29. Rxf3 Rh6 30. Rdf1 f6 31. Rd1 Be7 32. Qd5 h4 33.
Re3 g5 34. Rxe7 Qxe7 35. Qd8+ Qxd8 36. Rxd8+ Kg7 37. c7 Nb7 38. Rd7+ 1-0

[Event "C.to Provinciale CO"]
[Site "Villa Guardia ITA"]
[Date "2010.01.24"]
[Round "4"]
[White "Gonella, Graziano"]
[Black "Raineri, Pieroberto"]
[Result "0-1"]
[WhiteElo "1332"]
[BlackElo "1677"]
[PlyCount "60"]
[EventDate "2010.01.23"]

1. e4 c5 2. Nf3 Nc6 3. d4 cxd4 4. Nxd4 e5 5. Nxc6 bxc6 6. Nc3 h6 7. Bd3 Nf6 8.
O-O Be7 9. h3 O-O 10. f4 Bc5+ 11. Kh1 d6 12. f5 Bb6 13. Rf3 d5 14. Rg3 Bf2 15.
Qf3 Bxg3 16. Qxg3 Kh7 17. Qxe5 Re8 18. Qf4 dxe4 19. Nxe4 Nxe4 20. Bxe4 Qf6 21.
g4 Qd4 22. Bxc6 Qd1+ 23. Kh2 Qxc2+ 24. Bg2 Bb7 25. Qf1 Bxg2 26. Qf4 Re4 27. Qd2
Re2 28. Qc3 Qe4 29. Bd2 Bxh3+ 30. Kxh3 Qg2+ 0-1

[Event "C.to Provinciale CO"]
[Site "Villa Guardia ITA"]
[Date "2010.01.24"]
[Round "4"]
[White "Guglielmetti, Oscar"]
[Black "Bernasconi, Roberto"]
[Result "1/2-1/2"]
[WhiteElo "1788"]
[BlackElo "1932"]
[PlyCount "68"]
[EventDate "2010.01.23"]

1. Nf3 d5 2. g3 Nf6 3. Bg2 e6 4. d3 Be7 5. O-O O-O 6. Nc3 Nbd7 7. Bf4 c6 8. e4
dxe4 9. Nxe4 Nxe4 10. dxe4 Nf6 11. Qe2 Qb6 12. c3 Rd8 13. Rfd1 c5 14. Rxd8+
Bxd8 15. Ne5 Nd7 16. Nf3 Be7 17. Rd1 Nf8 18. Ne5 f6 19. Nc4 Qa6 20. b3 e5 21.
Bc1 Be6 22. Bf1 Qc6 23. Qc2 Rd8 24. Ne3 Rxd1 25. Nxd1 b5 26. Ne3 Nd7 27. c4 b4
28. Nd5 Bd6 29. Bd3 Nf8 30. Qe2 Qd7 31. f3 Bf7 32. Kg2 Ne6 33. Be3 a5 34. Qf2
Nd4 1/2-1/2

[Event "C.to Provinciale CO"]
[Site "Villa Guardia ITA"]
[Date "2010.01.24"]
[Round "4"]
[White "Guzzetti, Luigi Enrico"]
[Black "Revinelli, Sergio"]
[Result "1/2-1/2"]
[WhiteElo "1887"]
[BlackElo "1850"]
[PlyCount "86"]
[EventDate "2010.01.23"]

1. e4 e5 2. Nf3 Nc6 3. Bb5 f5 4. d4 fxe4 5. Bxc6 dxc6 6. Nxe5 Qh4 7. Be3 Nf6 8.
Qd2 Be6 9. Nc3 Bb4 10. a3 Bd6 11. O-O-O O-O-O 12. Bg5 Qh5 13. Qe3 Rde8 14. h3
Bxe5 15. dxe5 Nd5 16. Nxd5 cxd5 17. g4 Qg6 18. Bh4 Kb8 19. Bg3 Qf7 20. b4 Qd7
21. Kb2 Qb5 22. Rhe1 Rhf8 23. Qd2 Rf3 24. Re3 Ref8 25. Rde1 h6 26. Rxf3 Rxf3
27. Re3 Rxe3 28. Qxe3 Qc4 29. Qc3 b5 30. Qxc4 bxc4 31. Kc3 Kb7 32. Kd4 Kc6 33.
a4 h5 34. gxh5 Bxh3 35. Bf4 Bg4 36. h6 gxh6 37. Bxh6 Be6 38. c3 Bf7 39. Ke3 Be6
40. f3 exf3 41. Kxf3 Kb6 42. Bf8 Kc6 43. Bc5 Kd7 1/2-1/2

[Event "C.to Provinciale CO"]
[Site "Villa Guardia ITA"]
[Date "2010.01.24"]
[Round "4"]
[White "Lancianese, Giuseppe"]
[Black "Grassetto, Gilberto"]
[Result "1-0"]
[WhiteElo "1780"]
[BlackElo "1882"]
[PlyCount "107"]
[EventDate "2010.01.23"]

1. d4 d5 2. c4 c6 3. Nc3 Nf6 4. Nf3 e6 5. Bf4 dxc4 6. e4 b5 7. Qc2 Bb7 8. Be2
Nbd7 9. O-O a6 10. Rad1 Be7 11. a4 O-O 12. b3 b4 13. Na2 c3 14. Nc1 a5 15. Nd3
Nxe4 16. Nde5 Nef6 17. Bd3 g6 18. Bh6 Nxe5 19. Nxe5 Qe8 20. Rfe1 Nh5 21. g4 Ng7
22. f4 c5 23. f5 Rd8 24. fxg6 fxg6 25. Bb5 cxd4 26. Bxe8 Rdxe8 27. Qd3 Rc8 28.
Rf1 Bd5 29. Bxg7 Kxg7 30. Nc4 Bxc4 31. bxc4 e5 32. Rxf8 Bxf8 33. Qe4 Re8 34.
Kg2 Re7 35. h4 b3 36. Rf1 Kg8 37. Qd5+ Kg7 38. Qe4 c2 39. c5 Re8 40. c6 Ba3 41.
c7 c1=Q 42. Rxc1 Bxc1 43. c8=Q Rxc8 44. Qb7+ Kf6 45. Qxc8 b2 46. Qc6+ Ke7 47.
Qc2 Kd6 48. Kf3 Kd5 49. Qb3+ Kd6 50. Ke4 h5 51. gxh5 gxh5 52. Qb6+ Ke7 53. Kxe5
Bd2 54. Qc7+ 1-0

[Event "C.to Provinciale CO"]
[Site "Villa Guardia ITA"]
[Date "2010.01.24"]
[Round "4"]
[White "Lipari, Alberto"]
[Black "Canciani, Alberto"]
[Result "1-0"]
[WhiteElo "1609"]
[BlackElo "1461"]
[PlyCount "131"]
[EventDate "2010.01.23"]

1. d4 e6 2. c4 c5 3. Nf3 Qc7 4. e3 d6 5. Nc3 a6 6. Bd3 Nd7 7. Qc2 h6 8. b3 b6
9. Bb2 Bb7 10. e4 Ne7 11. Ne2 a5 12. a3 f6 13. d5 e5 14. O-O g5 15. Ng3 h5 16.
Qe2 h4 17. Nf5 Nxf5 18. exf5 Be7 19. h3 Kf7 20. Nh2 a4 21. b4 b5 22. Qf3 bxc4
23. Bxc4 Nb6 24. Rfc1 Nxc4 25. Rxc4 Ba6 26. Rcc1 Qb7 27. Rab1 c4 28. Ng4 Bb5
29. Re1 Rac8 30. Bc3 Qd7 31. Re4 Qb7 32. Ne3 Kg7 33. Rc1 Rc7 34. Bd2 Rhc8 35.
Rc3 Qa6 36. Qh5 Be8 37. Qe2 Bb5 38. Rg4 Bd7 39. g3 hxg3 40. fxg3 Kf7 41. Nxc4
Bb5 42. Re4 Kg7 43. h4 Rxc4 44. Rexc4 Rxc4 45. Qh5 Be8 46. Qxe8 Rxc3 47. Qxe7+
Kg8 48. Qd8+ Kh7 49. Qe7+ Kg8 50. Qe6+ Kh7 51. Qf7+ Kh8 52. Qxf6+ Kg8 53. Qxg5+
Kf8 54. Qd8+ Kg7 55. f6+ Kg6 56. Bxc3 Qe2 57. Qe8+ Kf5 58. Qc8+ Ke4 59. f7 Qe3+
60. Kg2 Qf3+ 61. Kh3 Qxf7 62. Qc4+ Ke3 63. Qa2 Qf1+ 64. Qg2 Qd3 65. Be1 Kd4 66.
Qd2 1-0

[Event "C.to Provinciale CO"]
[Site "Villa Guardia ITA"]
[Date "2010.01.24"]
[Round "4"]
[White "Mason, Giovanni"]
[Black "Larghi, Riccardo"]
[Result "0-1"]
[WhiteElo "1781"]
[BlackElo "1901"]
[PlyCount "75"]
[EventDate "2010.01.23"]

1. e4 c5 2. Nf3 d6 3. Bc4 e6 4. O-O a6 5. c3 b5 6. Bb3 c4 7. Bc2 Nf6 8. d4 cxd3
9. Bxd3 Bb7 10. Re1 Be7 11. Nbd2 O-O 12. Nf1 Nc6 13. Be3 Qc7 14. Ng3 Rfd8 15.
Rc1 Ng4 16. Nd4 Nxe3 17. fxe3 Ne5 18. Bb1 Bh4 19. Qh5 Bxg3 20. hxg3 Qe7 21. Rf1
g6 22. Qh6 Ng4 23. Qf4 h5 24. Qf3 f5 25. Qe2 fxe4 26. a3 Bd5 27. b3 e5 28. Nc2
Bxb3 29. Ne1 Bc4 30. Ba2 d5 31. Bxc4 bxc4 32. Nc2 Rab8 33. Rb1 Qc5 34. Rfe1 a5
35. Kh1 Kg7 36. Kg1 Rb3 37. Qd2 Rf8 38. Rxb3 0-1

[Event "C.to Provinciale CO"]
[Site "Villa Guardia ITA"]
[Date "2010.01.24"]
[Round "4"]
[White "Minelli, Marco"]
[Black "Napoli, Ferdinando"]
[Result "0-1"]
[WhiteElo "1392"]
[BlackElo "1742"]
[PlyCount "96"]
[EventDate "2010.01.23"]

1. Nf3 Nf6 2. c4 g6 3. d4 Bg7 4. e3 d6 5. Nbd2 c6 6. b4 Nbd7 7. a4 O-O 8. Nb3
Qc7 9. Qc2 e5 10. Be2 d5 11. a5 Re8 12. O-O exd4 13. exd4 Qd6 14. c5 Qc7 15. g3
Ne4 16. Bf4 Qd8 17. Bd3 Nf8 18. Rad1 Bg4 19. Be2 Nd7 20. Rfe1 h6 21. Nbd2 Ndf6
22. Ne5 Bxe2 23. Rxe2 Nxd2 24. Bxd2 Qc7 25. Bc3 Re6 26. Rde1 Rae8 27. f3 Nd7
28. Nxd7 Qxd7 29. Rxe6 Rxe6 30. Rxe6 Qxe6 31. Kg2 Qe3 32. Qd2 Qxd2+ 33. Bxd2
Bxd4 34. h3 f5 35. f4 Kf7 36. Kf3 Ke6 37. g4 a6 38. Ke2 fxg4 39. hxg4 h5 40.
Kd3 Bg7 41. g5 Kf5 42. Ke2 Ke4 43. Kf2 Bd4+ 44. Ke2 h4 45. f5 Kxf5 46. Kd3 Be5
47. Be3 h3 48. Bg1 h2 0-1

[Event "C.to Provinciale CO"]
[Site "Villa Guardia ITA"]
[Date "2010.01.24"]
[Round "4"]
[White "Pede, Lucio"]
[Black "Falchi, Claudio"]
[Result "1-0"]
[WhiteElo "1904"]
[BlackElo "1623"]
[PlyCount "127"]
[EventDate "2010.01.23"]

1. e4 e6 2. d4 d5 3. Nc3 Bb4 4. a3 Bxc3+ 5. bxc3 dxe4 6. Qg4 Nf6 7. Qxg7 Rg8 8.
Qh6 c5 9. Qd2 Qa5 10. Rb1 cxd4 11. Qxd4 Qd8 12. g3 Qxd4 13. cxd4 b6 14. Bg2 Bb7
15. Ne2 Nc6 16. O-O Ba6 17. Re1 Bxe2 18. Rxe2 Nxd4 19. Rd2 Nf3+ 20. Bxf3 exf3
21. Rd3 Rd8 22. Rxd8+ Kxd8 23. Rb3 Ke7 24. Rxf3 Nd5 25. c4 Rc8 26. Bg5+ f6 27.
cxd5 fxg5 28. Re3 Rc1+ 29. Kg2 Rd1 30. Rxe6+ Kf7 31. Rc6 Rxd5 32. Rc7+ Kg6 33.
Rxa7 Rd3 34. Ra6 Rb3 35. g4 h5 36. gxh5+ Kxh5 37. a4 Kg4 38. a5 bxa5 39. Rxa5
Rd3 40. h3+ Kf4 41. Ra4+ Kf5 42. Ra8 Kg6 43. f3 Rd1 44. Ra4 Rd2+ 45. Kg3 Rd1
46. h4 gxh4+ 47. Rxh4 Rg1+ 48. Kf4 Rb1 49. Rh8 Kg7 50. Re8 Kf7 51. Re5 Kf6 52.
Rf5+ Ke6 53. Ra5 Kf6 54. Ra6+ Kf7 55. Kf5 Rb5+ 56. Kg4 Rb1 57. f4 Rb4 58. Kg5
Rb1 59. Ra7+ Kg8 60. f5 Rg1+ 61. Kf6 Rb1 62. Ra8+ Kh7 63. Kf7 Rb7+ 64. Kf8 1-0

[Event "C.to Provinciale CO"]
[Site "Villa Guardia ITA"]
[Date "2010.01.24"]
[Round "4"]
[White "Petetta, Roberto"]
[Black "Rossini, Fulvio"]
[Result "1-0"]
[WhiteElo "1649"]
[BlackElo "1455"]
[PlyCount "93"]
[EventDate "2010.01.23"]

1. e4 e6 2. d4 d5 3. exd5 exd5 4. Bd3 Nf6 5. Bg5 Be6 6. Ne2 Bd6 7. O-O O-O 8.
Nf4 Bxf4 9. Bxf4 c6 10. Nd2 h6 11. c3 Nbd7 12. h3 Re8 13. Qc2 b5 14. b4 a5 15.
a3 a4 16. Rae1 Nb6 17. Qc1 Qd7 18. Nf3 Nc8 19. Ne5 Qb7 20. g4 Na7 21. Bd2 h5
22. f3 Nd7 23. Kg2 hxg4 24. hxg4 Nxe5 25. Rxe5 Kf8 26. Qe1 Ke7 27. f4 Kd8 28.
Rf3 Nc8 29. f5 Bd7 30. Rfe3 Nd6 31. Rxe8+ Bxe8 32. Re2 Rc8 33. Bf4 Ne4 34. Bxe4
dxe4 35. Kg3 Kd7 36. Rxe4 Rd8 37. Re7+ Kc8 38. Rxb7 Kxb7 39. Qe7+ Rd7 40. Qxe8
Rc7 41. Qd8 c5 42. Qxc7+ Ka6 43. Qc6+ Ka7 44. Qxc5+ Ka6 45. Bb8 Kb7 46. Qc7+
Ka8 47. Qa7# 1-0

[Event "C.to Provinciale CO"]
[Site "Villa Guardia ITA"]
[Date "2010.01.24"]
[Round "4"]
[White "Ronconi, Fausto"]
[Black "Primerano, Carlo"]
[Result "1/2-1/2"]
[WhiteElo "1780"]
[BlackElo "1734"]
[PlyCount "83"]
[EventDate "2010.01.23"]

1. d4 Nf6 2. c4 e6 3. a3 b6 4. Nc3 Bb7 5. Bf4 d5 6. Rc1 a6 7. cxd5 exd5 8. e3
Bd6 9. Bxd6 Qxd6 10. Nf3 Nbd7 11. Bd3 O-O 12. Qc2 c5 13. O-O c4 14. Bf5 Rfe8
15. Ne2 g6 16. Bxd7 Nxd7 17. Nf4 Nf6 18. Ne5 Ne4 19. f3 Ng5 20. h4 Ne6 21. h5
Nxf4 22. exf4 Bc8 23. hxg6 hxg6 24. g4 f5 25. g5 Kg7 26. Rf2 Be6 27. Rh2 Rh8
28. Qa4 Rxh2 29. Kxh2 Rh8+ 30. Kg2 b5 31. Qa5 Bc8 32. Qc3 Qf8 33. Qe1 Rh7 34.
Nc6 Qd6 35. Qe5+ Qxe5 36. fxe5 f4 37. Rh1 Rh5 38. Rxh5 gxh5 39. Kh2 Bd7 40. Nb8
Bc8 41. Nc6 Bd7 42. Nb8 1/2-1/2

[Event "C.to Provinciale CO"]
[Site "Villa Guardia ITA"]
[Date "2010.01.24"]
[Round "4"]
[White "Squillante, Michele"]
[Black "Napolitano, Matteo"]
[Result "1-0"]
[WhiteElo "1842"]
[BlackElo "1464"]
[PlyCount "93"]
[EventDate "2010.01.23"]

1. d4 d5 2. Nf3 Nf6 3. Bg5 Qd6 4. c3 Ne4 5. Bh4 Nc6 6. Nbd2 Bf5 7. e3 Nxd2 8.
Qxd2 f6 9. Bd3 Bxd3 10. Qxd3 e5 11. dxe5 Nxe5 12. Nxe5 fxe5 13. e4 c6 14. O-O
dxe4 15. Qxe4 Qd5 16. Rfe1 Bd6 17. Bg3 O-O 18. Qxd5+ cxd5 19. Bxe5 Bc5 20. Bg3
Rf7 21. Rad1 Raf8 22. Re2 Rf5 23. Kf1 h6 24. f3 b6 25. Re5 Rxe5 26. Bxe5 Rd8
27. Bd4 Bd6 28. g3 Kf7 29. Re1 g6 30. Re2 Rd7 31. Ke1 Re7 32. Rxe7+ Kxe7 33.
Ke2 Ke6 34. f4 h5 35. Kf3 Kf5 36. h3 g5 37. g4+ hxg4+ 38. hxg4+ Kg6 39. f5+ Kf7
40. Ke3 Bf4+ 41. Kd3 Bc1 42. b3 Bf4 43. c4 dxc4+ 44. Kxc4 Bd6 45. Kd5 Bb8 46.
Kc6 Ke7 47. Kb7 1-0

[Event "C.to Provinciale CO"]
[Site "Villa Guardia ITA"]
[Date "2010.01.24"]
[Round "4"]
[White "Zuccoli, Maurizio"]
[Black "Cordone, Giuseppe"]
[Result "0-1"]
[WhiteElo "1842"]
[BlackElo "1524"]
[PlyCount "72"]
[EventDate "2010.01.23"]

1. e4 c5 2. Nf3 Nc6 3. d4 cxd4 4. Nxd4 e5 5. Nxc6 bxc6 6. c4 Nf6 7. Nc3 h6 8.
a3 Bc5 9. Be2 Bd4 10. Qc2 d6 11. O-O Bxc3 12. bxc3 Bb7 13. Rb1 Qc7 14. c5 d5
15. Qb3 Bc8 16. exd5 cxd5 17. c6 O-O 18. Qa4 a5 19. Be3 Ne4 20. Rfc1 Qd6 21.
Bb5 Ba6 22. Qd1 Rfb8 23. a4 Bxb5 24. axb5 Nc5 25. Qe2 a4 26. Bxc5 Qxc5 27. Qxe5
Rxb5 28. Rxb5 Qxb5 29. c7 Re8 30. Qf5 Qc6 31. h3 a3 32. Rd1 Qxc7 33. Qxd5 Qxc3
34. Qa2 Re1+ 35. Rxe1 Qxe1+ 36. Kh2 Qe5+ 0-1

[Event "C.to Provinciale CO"]
[Site "Villa Guardia ITA"]
[Date "2010.01.30"]
[Round "5"]
[White "Canciani, Alberto"]
[Black "Minelli, Marco"]
[Result "1/2-1/2"]
[WhiteElo "1461"]
[BlackElo "1392"]
[PlyCount "154"]
[EventDate "2010.01.23"]

1. c4 Nf6 2. e3 c5 3. g3 e6 4. Bg2 d5 5. b3 e5 6. cxd5 Nxd5 7. Ne2 g6 8. Bb2
Bg7 9. O-O O-O 10. e4 Nb4 11. Nbc3 Be6 12. a3 Nd3 13. Qc2 b6 14. Rad1 c4 15. b4
Nc6 16. Ba1 Rc8 17. Kh1 a6 18. h4 Qd7 19. Kh2 b5 20. Na2 f5 21. Nec3 Nd4 22.
Qb1 f4 23. Nd5 Bxd5 24. exd5 f3 25. Bh3 Qxd5 26. Bxc8 Rxc8 27. Nc3 Qd8 28. Ne4
Qc7 29. Nc5 Nxc5 30. bxc5 Qxc5 31. Qe4 Rf8 32. Bb2 a5 33. Kg1 b4 34. axb4 axb4
35. Bxd4 Qxd4 36. Qc6 e4 37. Qe6+ Kh8 38. Rfe1 Be5 39. Qg4 c3 40. dxc3 Qxc3 41.
Qxe4 Bg7 42. Rc1 Qd2 43. Rc2 Qd6 44. Rc6 Qd2 45. Rc2 Qd6 46. Qc4 Bc3 47. Rxc3
bxc3 48. Qxc3+ Kg8 49. Qb3+ Kg7 50. Qc3+ Kh6 51. Qe3+ Kg7 52. Qe7+ Qxe7 53.
Rxe7+ Rf7 54. Rxf7+ Kxf7 55. g4 Kf6 56. Kh2 Ke5 57. Kg3 Ke4 58. g5 Kf5 59. Kxf3
Ke6 60. Kg4 Kf7 61. Kf4 Ke6 62. Ke4 Kf7 63. Ke5 Ke7 64. f4 Kf7 65. Kd6 Kg8 66.
Ke6 Kg7 67. Ke7 Kg8 68. Kf6 Kh8 69. f5 gxf5 70. Kxf5 Kg7 71. h5 Kh8 72. Kf6 Kg8
73. h6 Kh8 74. g6 Kg8 75. gxh7+ Kxh7 76. Kg5 Kh8 77. Kg6 Kg8 1/2-1/2

[Event "C.to Provinciale CO"]
[Site "Villa Guardia ITA"]
[Date "2010.01.30"]
[Round "5"]
[White "Cocconcelli, Lorenzo"]
[Black "Napoli, Ferdinando"]
[Result "1-0"]
[WhiteElo "1449"]
[BlackElo "1742"]
[PlyCount "108"]
[EventDate "2010.01.23"]

1. d4 Nf6 2. c4 g6 3. Nc3 Bg7 4. e4 d6 5. Nf3 O-O 6. Be2 e5 7. d5 Nbd7 8. Bg5
a6 9. O-O Qe8 10. Qc2 h6 11. Bh4 Nh5 12. Bg3 f5 13. exf5 gxf5 14. h3 e4 15. Ne1
Ne5 16. Bxh5 Qxh5 17. Ne2 Ng6 18. Nf4 Nxf4 19. Bxf4 Bd7 20. Kh2 Rae8 21. Qd2
Be5 22. Qe3 Kh7 23. g3 Rg8 24. Ng2 b6 25. Rab1 Qg6 26. Rh1 Bf6 27. Kg1 Qg7 28.
Qd2 h5 29. h4 Qg4 30. Re1 Qg7 31. Qe2 Qg6 32. Be3 Rb8 33. Nf4 Qg4 34. Nxh5 Bxb2
35. Qxg4 Rxg4 36. Bg5 Be5 37. Kg2 b5 38. cxb5 Rxb5 39. Bf6 Kg6 40. Bxe5 Kxh5
41. Bf4 Rxd5 42. Rd1 Rxd1 43. Rxd1 Rg6 44. Rc1 c6 45. Rb1 Be6 46. Rb6 Bxa2 47.
Rxa6 Bd5 48. Kh2 Kg4 49. Be3 Rg8 50. Kg2 Rb8 51. Ra1 c5 52. Rd1 Ba2 53. Rxd6
Rc8 54. Rg6+ Kh5 1-0

[Event "C.to Provinciale CO"]
[Site "Villa Guardia ITA"]
[Date "2010.01.30"]
[Round "5"]
[White "Corti, Filippo"]
[Black "Coppola, Guido"]
[Result "0-1"]
[WhiteElo "1736"]
[BlackElo "1981"]
[PlyCount "58"]
[EventDate "2010.01.23"]

1. Nf3 d5 2. g3 c5 3. Bg2 Nc6 4. d3 Nf6 5. O-O g6 6. Nbd2 Bg7 7. e4 O-O 8. exd5
Nxd5 9. Rb1 Ncb4 10. a3 Na2 11. Ne4 Nxc1 12. Qxc1 Qc7 13. Qd2 Nf6 14. Nc3 Bd7
15. Rfe1 Bc6 16. Qe3 Qb6 17. Qxe7 Rfe8 18. Qd6 Rxe1+ 19. Nxe1 Ne8 20. Qf4 Bxc3
21. Bxc6 bxc6 22. Nf3 Bg7 23. Ng5 Qc7 24. Qc4 Rb8 25. b3 Bd4 26. Re1 Nd6 27.
Qa4 Rb5 28. b4 cxb4 29. axb4 Rxg5 0-1